000 00347nam a2200133Ia 4500
008 240624s9999 xx 000 0 und d
041 _aeng
082 _a658.4093 BLY
100 _aBLY ROBERT W
245 _a101 WAYS TO MAKE EVERY SECOND COUNT TIME
260 _c2004
_aMumbai
_bJaico Publishing House
300 _a191 : p. : cm. ; 22
365 _cRS
999 _c847
_d847